Movies Quiz

Random Movies or State Quiz

US States by Movie Scene Quiz Stats

Quiz Updated Jul 21, 2015

Challenge
Share
Tweet
Score 0/20 Timer 07:00
1 Play Today
% Correct
Hawaii (Lilo & Stitch)
95%
New York (Ghostbusters)
91.7%
Florida (Ace Ventura)
85.6%
California (Anchorman)
81.5%
Texas (No Country for Old Men)
74.2%
Illinois (Ferris Bueller's Day Off)
71.9%
Alabama (To Kill a Mockingbird)
71%
Massachusetts (Good Will Hunting)
69.4%
Mississippi (O Brother Where Art Thou)
69.2%
Iowa (Field of Dreams)
69.2%
% Correct
Oklahoma (Twister)
66.7%
Pennsylvania (Witness)
60.9%
Colorado (The Shining)
50.9%
Minnesota (The Mighty Ducks)
45.2%
Louisiana (Green Mile)
43.2%
New Mexico (Little Miss Sunshine)
35.2%
North Carolina (Cape Fear)
25.2%
New Hampshire (What About Bob?)
25%
Montana (Star Trek: First Contact)
13.1%
Missouri (Waiting for Guffman)
10.8%

You're not logged in!

Compare scores with friends on all Sporcle quizzes.
Join for Free
OR
Log In

You Might Also Like...

Show Comments

Extras

Top Quizzes Today


Score Distribution

Your Account Isn't Verified!

In order to create a playlist on Sporcle, you need to verify the email address you used during registration. Go to your Sporcle Settings to finish the process.

Report this User

Report this user for behavior that violates our Community Guidelines.

Details: